000
00304nam a22001337a 4500
008
181221b xxu||||| |||| 00| 0 eng d
020
_a
0683039547
041
_a
eng
080
_a
616.8
100
_a
7
101
_a
NEU
245
_a
Stereotactic Neruosurgery
_c
Heilbrun,M.P
942
_2
udc
_c
BK
999
_c
53642
_d
53642